00768nam a2200205 4500003001100000008004100011040003900052041000800091082001600099111008300115245006900198260005200267300001000319650004500329650004300374710003200417942000700449952009100456999001500547LK-CoMWRAF231207b1992 |||||||| |||| 00| 0 eng d aLK-CoMWRAFdLK-CoMWRAFeLK-CoMWRAF aeng a305.42bWOM aTHIRD NATIONAL CONVENTION ON WOMEN'S STUDIES c( Colombo d4-7 th March, 1992) aThird national convention on women's studies: bWomen & politics a Colombo: bCentre for Women's Research,c 1992 a37 p. aWomen's rights- Sri Lanka- Congresses |  aWomen's studies- Sri Lanka- Congresses aCentre for Women's Research cCP 00104070aMAINbMAINd2023-12-07l0o305.42 WOMpRAF3332r2023-12-07w2023-12-07yCP c4307d4307